000 00486nam a2200217Ia 4500
008 170203s9999 xx 000 0 und d
020 _a1844430936
050 _a796.62
050 _b.J62b 2003
100 _aJob, Chris.
245 _aBMX /
245 _cChris Job.
260 _aGreat Britain :
260 _bRaintree,
260 _c2003
300 _a32 pages :
300 _bcol. ill. ;
300 _c29 cm.
440 _aExtreme sports.
500 _aincludes index.
999 _c305511
_d305511